Every Formula 1 GP winner - Statistics

General Stats
  • This quiz has been taken 90 times
    34 since last reset
  • The average score is 65 of 103
Answer Stats
Answer Nationality Wins Years active % Correct
Kimi RÄIKKÖNEN Finland 21 2001-2009, 2012-2021
100%
Max VERSTAPPEN Netherlands 54 2015-present
100%
Ayrton SENNA Brazil 41 1984-1994
95%
Alain PROST France 51 1980-1991, 1993
91%
Charles LECLERC Monaco 5 2018-present
91%
Fernando ALONSO Spain 32 2001, 2003-2018, 2021-present
91%
Lewis HAMILTON UK 103 2007-present
91%
Michael SCHUMACHER Germany 91 1991-2006, 2010-2012
91%
Sebastian VETTEL Germany 53 2007-2022
91%
Sergio PEREZ Mexico 6 2011-present
91%
Felipe MASSA Brazil 11 2002, 2004-2017
86%
Jochen MASS Germany 1 1973-1982
86%
Juan Manuel FANGIO Argentina 24 1950-1951, 1953-1958
86%
Mika HÄKKINEN Finland 20 1991-2001
86%
Nico ROSBERG Germany 23 2006-2016
86%
Valtteri BOTTAS Finland 10 2013-present
86%
Daniel RICCIARDO Australia 8 2011-2022
82%
Emerson FITTIPALDI Brazil 14 1970-1980
82%
Juan Pablo MONTOYA Colombia 7 2001-2006
82%
Nelson PIQUET Brazil 23 1978-1991
82%
Niki LAUDA Austria 25 1971-1979, 1982-1985
82%
Pierre GASLY France 1 2017-present
82%
Ralf SCHUMACHER Germany 6 1997-2007
82%
Robert KUBICA Poland 1 2006-2010, 2019, 2021
82%
Rubens BARRICHELLO Brazil 11 1993-2011
82%
Alan JONES Australia 12 1975-1981, 1983, 1985-1986
77%
Carlos SAINZ JR. Spain 2 2015-present
77%
Esteban OCON France 1 2016-2018, 2020-present
77%
Heinz-Harald FRENTZEN Germany 3 1994-2003
77%
Jackie STEWART UK 27 1965-1973
77%
Keke ROSBERG Finland 5 1978-1986
77%
Mark WEBBER Australia 9 2002-2013
77%
George RUSSELL UK 1 2019-present
73%
Gilles VILLENEUVE Canada 6 1977-1982
73%
Jacky ICKX Belgium 8 1967-1979
73%
Jacques VILLENEUVE Canada 11 1996-2006
73%
Jenson BUTTON UK 15 2000-2017
73%
Jody SCHECKTER South Africa 10 1972-1980
73%
Mario ANDRETTI USA 12 1968-1972, 1974-1982
73%
Nigel MANSELL UK 31 1980-1992, 1994-1995
73%
Pastor MALDONADO Venezuela 1 2011-2015
73%
Alberto ASCARI Italy 13 1950-1955
68%
Carlos REUTEMANN Argentina 12 1972-1982
68%
Gerhard BERGER Austria 10 1984-1997
68%
Jack BRABHAM Australia 14 1955-1970
68%
Jim CLARK UK 25 1960-1968
68%
Jochen RINDT Austria 6 1964-1970
68%
Damon HILL UK 22 1992-1999
64%
David COULTHARD UK 13 1994-2008
64%
Denny HULME New Zealand 8 1965-1974
64%
Giuseppe FARINA Italy 5 1950-1955
64%
James HUNT UK 10 1973-1979
64%
Jean ALESI France 1 1989-2001
64%
Ronnie PETERSON Sweden 10 1970-1978
64%
Bruce McLAREN New Zealand 4 1959-1970
59%
Heikki KOVALAINEN Finland 1 2007-2013
59%
Jarno TRULLI Italy 1 1997-2011
59%
John SURTEES UK 6 1960-1972
59%
Mike HAWTHORN UK 3 1952-1958
59%
Phil HILL USA 3 1958-1964, 1966
59%
Stirling MOSS UK 16 1950-1962
59%
Eddie IRVINE UK 4 1993-2002
55%
François CEVERT France 1 1970-1973
55%
Giancarlo FISICHELLA Italy 3 1996-2009
55%
Graham HILL UK 14 1958-1975
55%
Johnny HERBERT UK 3 1989-2000
55%
Juan Carlos PACE Brazil 1 1972-1977
55%
Michele ALBORETO Italy 5 1981-1994
55%
Riccardo PATRESE Italy 6 1977-1993
55%
Wolfgang von TRIPS Germany 2 1956-1961
55%
Clay REGAZZONI Switzerland 5 1970-1980
50%
Jose Froilan GONZALEZ Argentina 2 1950-1957, 1960
50%
Olivier PANIS France 1 1994-1999, 2001-2004
50%
Patrick DEPAILLER France 2 1972, 1974-1980
50%
René ARNOUX France 7 1978-1989
50%
Thierry BOUTSEN Belgium 3 1983-1993
50%
Tony BROOKS UK 6 1956-1961
50%
Dan GURNEY USA 4 1959-1968, 1970
45%
Didier PIRONI France 3 1978-1982
45%
Elio de ANGELIS Italy 2 1979-1986
45%
Jacques LAFFITE France 6 1974-1986
45%
Jean-Pierre JABOUILLE France 2 1974-1975, 1977-1981
45%
Jo BONNIER Sweden 1 1956-1971
45%
John WATSON UK 5 1973-1983, 1985
45%
Jo SIFFERT Switzerland 2 1962-1971
45%
Pedro RODRIGUEZ Mexico 2 1963-1971
45%
Alessandro NANNINI Italy 1 1986-1990
41%
Luigi MUSSO Italy 1 1954-1958
41%
Patrick TAMBAY France 2 1977-1986
41%
Peter COLLINS UK 3 1952-1958
41%
Innes IRELAND UK 1 1959-1966
36%
Lorenzo BANDINI Italy 1 1961-1967
36%
Luigi FAGIOLI Italy 1 1950-1951
36%
Maurice TRINTIGNANT France 2 1950-1964
36%
Piero TARUFFI Italy 1 1950-1956
36%
Richie GINTHER USA 1 1960-1967
36%
Jean-Pierre BELTOISE France 1 1967-1974
32%
Peter GETHIN UK 1 1970-1974
32%
Peter REVSON USA 2 1964, 1971-1974
32%
Giancarlo BAGHETTI Italy 1 1961-1967
27%
Gunnar NILSSON Sweden 1 1976-1977
23%
Ludovico SCARFIOTTI Italy 1 1963-1968
23%
Vittorio BRAMBILLA Italy 1 1974-1980
23%
No matching quizzes found
Score Distribution
Percent of People with Each Score
Percentile by Number Answered
Your Score History
You have not taken this quiz since the last reset